Actors who worked with Christopher Nolan - Statistics

General Stats
  • This quiz has been taken 308 times
  • The average score is 32 of 84
Answer Stats
Films Answer % Correct
Batman Begins, The Dark Knight, The Dark Knight Rises, The Prestige Christian Bale
98%
Inception, Batman Begins, The Dark Knight, The Dark Knight Rises, Oppenheimer Cillian Murphy
97%
Interstellar, Inception, Batman Begins, The Dark Knight, The Dark Knight Rises, Tenet, The Prestige Michael Caine
92%
Inception, The Dark Knight Rises, Dunkirk Tom Hardy
92%
Interstellar, The Dark Knight Rises Anne Hathaway
86%
The Dark Knight Heath Ledger
83%
Inception Leonardo DiCaprio
82%
Interstellar Matthew McConaughey
80%
Batman Begins, The Dark Knight, The Dark Knight Rises, Oppenheimer Gary Oldman
79%
Batman Begins, The Dark Knight, The Dark Knight Rises Morgan Freeman
78%
Interstellar, Oppenheimer Matt Damon
77%
Oppenheimer Robert Downey Jr.
77%
The Prestige Hugh Jackman
76%
Inception, The Dark Knight Rises Joseph Gordon-Levitt
75%
Batman Begins, The Dark Knight Rises Liam Neeson
72%
Oppenheimer Emily Blunt
70%
Dunkirk Harry Styles
66%
Inception, The Dark Knight Rises Marion Cotillard
66%
Tenet John David Washington
65%
Tenet Robert Pattinson
65%
The Dark Knight Maggie Gyllenhaal
63%
Insomnia Al Pacino
61%
Interstellar Jessica Chastain
61%
Memento Guy Pearce
60%
Dunkirk, Tenet, Oppenheimer Kenneth Branagh
59%
The Prestige Scarlett Johansson
59%
Inception Elliot Page
57%
Interstellar, Oppenheimer Casey Affleck
56%
Oppenheimer Florence Pugh
56%
Interstellar Timothée Chalamet
56%
Insomnia Robin Williams
52%
The Dark Knight Aaron Eckhart
51%
Oppenheimer Rami Malek
48%
Inception, Batman Begins Ken Watanabe
45%
The Prestige David Bowie
44%
Batman Begins Katie Holmes
44%
Tenet Elizabeth Debicki
39%
Tenet Aaron Taylor-Johnson
35%
The Prestige Andy Serkis
35%
Memento Carrie-Anne Moss
35%
Insomnia Hilary Swank
35%
Dunkirk Barry Keoghan
29%
Dunkirk Mark Rylance
28%
Batman Begins Tom Wilkinson
27%
Oppenheimer Benny Safdie
26%
Memento Joe Pantoliano
25%
Interstellar John Lithgow
22%
Oppenheimer Josh Peck
20%
Oppenheimer Dane DeHaan
19%
Interstellar Topher Grace
19%
The Dark Knight Rises Ben Mendelsohn
18%
Oppenheimer Jason Clarke
18%
The Dark Knight Eric Roberts
17%
Oppenheimer Jack Quaid
17%
Batman Begins Rutger Hauer
17%
Interstellar Ellen Burstyn
16%
Dunkirk Fionn Whitehead
16%
Interstellar Mackenzie Foy
16%
The Dark Knight Rises, Oppenheimer Matthew Modine
16%
Tenet Clémence Poésy
15%
The Prestige Rebecca Hall
15%
The Dark Knight Rises Juno Temple
14%
The Dark Knight Rises Aidan Gillen
12%
Oppenheimer Alden Ehrenreich
12%
Tenet Himesh Patel
12%
Oppenheimer Devon Bostick
10%
The Dark Knight Rises Joey King
10%
Batman Begins Jack Gleeson
9%
Inception Pete Postlethwaite
8%
The Dark Knight William Fichtner
8%
Oppenheimer Alex Wolff
7%
Interstellar David Oyelowo
7%
Dunkirk, Oppenheimer James D'Arcy
7%
Inception Lukas Haas
7%
Dunkirk Aneurin Barnard
6%
Oppenheimer Dylan Arnold
6%
Oppenheimer Gustaf Skarsgard
6%
The Dark Knight, The Dark Knight Rises Nestor Carbonell
6%
Inception Tom Berenger
6%
Oppenheimer Matthias Schweighöfer
5%
Tenet Dimple Kapadia
4%
Insomnia Maura Tierney
4%
The Prestige Piper Perabo
4%
Oppenheimer James Remar
2%
No matching quizzes found
Score Distribution
Percent of People with Each Score
Percentile by Number Answered
Your Score History
You have not taken this quiz